000 00616nam a2200241Ia 4500
003 OSt
005 20220918184343.0
006 a|||||r|||| 00| 0
007 ta
008 220917b |||||||| |||| 00| 0 eng d
024 _a46,092
037 _cTextual
040 _aARTS
_cARTS
_beng
041 _2eng
_aeng
082 _aPx, K2 (PD)
100 _aBlack Max ed
_965538
245 0 _aImportance of language
260 _aIthaca
_bCornell Univ Press
_c1962
300 _avi,173p.
_ccm.
650 _aLINGUISTICS
942 _hPx, K2 (PD)
_cTEXL
_2CC
999 _c176180
_d176180